000 00339nam a22001457a 4500
008 210514b ||||| |||| 00| 0 eng d
020 _a013433271
041 _aeng
080 _a316
082 _a316
100 _a50
101 _aSOC
245 _aSheridan Social Diversity in Contemporary Canada
_cPeggy Mcintosh
942 _2udc
_cBK
999 _c57311
_d57311